000 00322nam a2200145Ia 4500
008 191201s2008 xx 000 0 und d
020 _a9780138817978
100 _aGORDON, Geoffrey
245 0 _aSystem Simulation
250 _a2nd
260 _c2008
_bPHI
_aN.Delhi
300 _a324
650 _aMCA
942 _2ddc
_cBB
999 _c7276
_d7276